LIBRARY & INFORMATION CENTRE, KCAET, TAVANUR

ONLINE PUBLIC ACCESS CATALOGUE (OPAC)

Microprocessors: Theory and applications - Intel and Motorola / (Record no. 10108)

MARC details
000 -LEADER
fixed length control field 00533cam a2200193ua 4500
020 ## - INTERNATIONAL STANDARD BOOK NUMBER
ISBN 81-203-0848-4
041 ## - LANGUAGE CODE
Language code of text/sound track or separate title eng
082 ## - DEWEY DECIMAL CLASSIFICATION NUMBER
Classification number 004.16
Item number RAF/MI
100 ## - MAIN ENTRY--AUTHOR NAME
Personal name Rafiquzzaman, M .
245 ## - TITLE STATEMENT
Title Microprocessors: Theory and applications - Intel and Motorola /
250 ## - EDITION STATEMENT
Edition statement 2 /
260 ## - PUBLICATION, DISTRIBUTION, ETC. (IMPRINT)
Place of publication New Delhi :
Name of publisher Prentice Hall of India Pvt Ltd. ,
Year of publication 1994.
300 ## - PHYSICAL DESCRIPTION
Number of Pages 468 ; .
500 ## - GENERAL NOTE
General note *CSS
942 ## - ADDED ENTRY ELEMENTS (KOHA)
Koha item type Books
Holdings
Withdrawn status Lost status Damaged status Home library Current library Shelving location Date acquired Full call number Accession Number Koha item type
      KAUAET KAUAET Scheme 23/07/2018 004.16 RAF/MI 18952 Book Bank scheme for SC students
free website counter